BADA survey reflects difficulty trading times (Record no. 72882)

MARC details
000 -LEADER
fixed length control field 01091cam a2200193 4500
001 - CONTROL NUMBER
control field WB3923-01
008 - FIXED-LENGTH DATA ELEMENTS--GENERAL INFORMATION
fixed length control field 030618n2003 000 0 eng u
035 ## - SYSTEM CONTROL NUMBER
System control number (Sirsi) u122656
245 ## - TITLE STATEMENT
Title BADA survey reflects difficulty trading times
260 ## - PUBLICATION, DISTRIBUTION, ETC.
Date of publication, distribution, etc. 2003
490 ## - SERIES STATEMENT
Series statement Antiques Trade Gazette
Volume/sequential designation (1594) 21 June 2003, 1&3(1)
520 ## - SUMMARY, ETC.
Summary, etc. The British Antique Dealers' Association (BADA) in its annual survey of trading activity by its members in 2001-02 reports that over 40% of members had experienced a drop of sales by up to 10%.The survey was completed by 58% of its membership. The fall in sales figures is reflected across all sectors of the market with furniture, silver and jewellery showing the largest falls. The absence of Amercian buyers is cited as the primary reason for the shortfall. BADA dealers' sales to the United States was only 37% of total sales compared with 43% in 2001. BADA website, http://www.bada.org.
590 ## - LOCAL NOTE (RLIN)
Local note WB
650 ## - SUBJECT ADDED ENTRY--TOPICAL TERM
Topical term or geographic name entry element Arts and antiques
9 (RLIN) 6217
650 ## - SUBJECT ADDED ENTRY--TOPICAL TERM
Topical term or geographic name entry element FINE ART
650 ## - SUBJECT ADDED ENTRY--TOPICAL TERM
Topical term or geographic name entry element Sales
9 (RLIN) 6269
690 ## - LOCAL SUBJECT ADDED ENTRY--TOPICAL TERM (OCLC, RLIN)
Topical term or geographic name as entry element Arts and antiques
9 (RLIN) 6217
942 ## - ADDED ENTRY ELEMENTS (KOHA)
Suppress in OPAC 0
Holdings
Withdrawn status Lost status Source of classification or shelving scheme Damaged status Not for loan Home library Current library Shelving location Date acquired Total Checkouts Full call number Barcode Date last seen Copy number Price effective from Koha item type
    Dewey Decimal Classification     London London News article 18/06/2003   WB3923-01 122656-1001 06/08/2019 1 06/08/2019 News article